000 00508nam a22001937a 4500
003 LK-CoMWRAF
005 20231230113724.0
008 231117b |||||||| |||| 00| 0 eng d
020 _a9788175811171
040 _aLK-CoMWRAF
_dLK-CoMWRAF
_eLK-CoMWRAF
041 _aeng
082 _a808.1
_bTIL
100 _aTilak , Raghukul
245 _aSidney :
_bAn apology for poetry
260 _aIndia :
_bRama brothers,
_c2011
300 _a140p. : 22cm.
650 _a Poetry--Early works to 1800
942 _cBK
999 _c4121
_d4121